| 000 | 00809nac a22001931u 4500 | ||
|---|---|---|---|
| 010 | _a78025887 | ||
| 020 | _a0870152327 : | ||
| 082 | 0 | 0 |
_a330.94 _bT925 |
| 090 |
_c1530 _d1530 |
||
| 100 | _aTuma, Elias H. | ||
| 245 | 1 | 0 |
_aEuropean economic history : _btenth century to the present : theory and history of economic change / _cElias H. Tuma. |
| 260 |
_aPalo Alto, Calif. : _bPacific Books,1979 _c1979 |
||
| 300 |
_ax, 384 p. : _bill. ; _c26 cm. |
||
| 500 | _aReprint of the ed. published by Harper & Row, New York. | ||
| 504 | _aIncludes bibliographies and index. | ||
| 651 | 0 |
_aEurope _xEconomic conditions. |
|
| 942 |
_cBB _k330.94T925 |
||
| 999 |
_c1530 _d1530 |
||